|
|
|
|
| LEADER |
00000nam2a2200000 4500 |
| 001 |
192711 |
| 005 |
20231031181443.0 |
| 035 |
|
|
|a (RuTPU)RU\TPU\book\210136
|
| 090 |
|
|
|a 192711
|
| 100 |
|
|
|a 20110305d1990 k y0rusy50 ca
|
| 101 |
0 |
|
|a rus
|
| 102 |
|
|
|a RU
|
| 105 |
|
|
|a a z 001zy
|
| 200 |
0 |
|
|a Т. 11: Регулируемый электропривод механизмов собственных нужд ТЭС
|f под ред. Ю. Г. Шакаряна
|
| 210 |
|
|
|d 1990
|
| 215 |
|
|
|a 196 с.
|c ил.
|
| 320 |
|
|
|a Библиогр.: с. 161-193.
|
| 461 |
|
1 |
|0 (RuTPU)RU\TPU\book\210504
|x 0202-8344
|t Электропривод и автоматизация промышленных установок
|f Академия наук СССР (АН СССР), Всесоюзный институт научной и технической информации (ВИНИТИ)
|v Т. 11: Регулируемый электропривод механизмов собственных нужд ТЭС
|d 1968-1990
|s Электропривод и автоматизация промышленных установок
|
| 610 |
1 |
|
|a электроприводы
|
| 610 |
1 |
|
|a промышленные установки
|
| 610 |
1 |
|
|a автоматизация
|
| 610 |
1 |
|
|a ТЭС
|
| 610 |
1 |
|
|a регулируемый электропривод
|
| 675 |
|
|
|a 62-83
|v 3
|
| 675 |
|
|
|a 681.51
|v 3
|
| 702 |
|
1 |
|a Шакарян
|b Ю. Г.
|4 340
|
| 801 |
|
1 |
|a RU
|b 63413507
|c 20110305
|
| 801 |
|
2 |
|a RU
|b 63413507
|c 20131119
|g RCR
|
| 942 |
|
|
|c BK
|